Представление документа в формате RUSMARC

ПолеНазваниеЗначение
  Тип записи a
  Библиографический уровень a
001 Контрольный номер RU/CBS_UL/BASE/8003d6044eaa4ea6ab3f0676618991db
005 Дата корректировки 20250128003044.3
100 Данные общей обработки __
a Данные общей обработки 20250128 ||| 0rusy0189 ca
101 Язык документа 0_
a Язык текста rus
102 Страна публикации __
a Страна публикации RU
200 Заглавие и сведения об ответственности 1_
a Заглавие Удар по фашистскому логову. К 80-летию первой бомбардировки Берлина
e Сведения, относящиеся к заглавию [о подвиге советских лётчиков, бомбивших Берлин 7 августа 1941 г.]
g Последующие сведения об ответственности рис. С. Ершова, А. Жирнова, А. Шепса [и др.]
300 Общие примечания __
a Общие примечания Содерж. : знаете ли вы?
300 Общие примечания __
a Общие примечания 12+
461 Уровень набора _0
1 2000
a Мир техники для детей
463 Уровень физической единицы _0
1 2000
a № 8
v С. 2-25 : фот., рис.
1 2101
d 2021
1 001RU/CBS_UL/BASE/682606092
600 Персоналии _1
a Персоналии (Фамилия) Преображенский
b Персоналии (Имя, инициалы) Е.Н.
600 Персоналии _1
a Персоналии (Фамилия) Хохлов
b Персоналии (Имя, инициалы) П.И.
606 Тематические рубрики 0_
a Основная рубрика Великая Отечественая война, 1941-1945 гг. - Авиация
z Хронологическая подрубрика 7.08.1941 г.
610 Ключевые слова 0_
a Ключевые слова войны
610 Ключевые слова 0_
a Ключевые слова война Великая Отечественная
610 Ключевые слова 0_
a Ключевые слова ВОВ
610 Ключевые слова 0_
a Ключевые слова бомбардировки Берлина
610 Ключевые слова 0_
a Ключевые слова авиация отечественная
610 Ключевые слова 0_
a Ключевые слова советская бомбардировочная авиация
610 Ключевые слова 0_
a Ключевые слова лётчики
610 Ключевые слова 0_
a Ключевые слова тяжелые бомбардировщики
610 Ключевые слова 0_
a Ключевые слова подвиги лётчиков
686 Индексы других классификаций __
2 Код системы rubbk
a Классификационный индекс 63.3(2)622-35
801 Источник записи _0
a Страна RU
b Организация МБУК ЦБС г. Ульяновска
c Дата составления 20250128
g Правила каталогизации RCR
801 Источник записи _1
a Страна RU
b Организация МБУК ЦБС г. Ульяновска
c Дата составления 20250128
g Правила каталогизации RCR
901 Тип документа __
t Тип документа b
w Контрольный № источника RU/CBS_UL/BASE/682606092
909 Создатель записи __
a Создатель записи lib1